01307nam a2200253 a 4500001001000000005001700010008004100027041000800068044000700076084002100083100004500104245009500149260002700244300001700271500028300288500018700571500004900758500000900807650005200816650005600868650003400924650004500958740005001003BRCA_247720190320203828.0211108s1838----fr-#---###---#000-0#spa-u aspa afr a117b.L444c18381 aCervantes Saavedra, Miguel ded1547-161610aEl Ingenioso Hidalgo Don Quijote de la Manchaccompuesto por Miguel de Cervantes Saavedra. aParísbLefevrec1838 a4 v.c13 cm. aContenido : v 1. Primera parte. Retrato de Cervantes. Elogio de Cervantes por D. José Mor de Fuentes. Dedicatoria del autor. Prólogo del autor. Versos preliminares. Texto. -- v 2. Texto. -- v 3. Segunda parte. Dedicatoria del autor. Prólogo del autor. Texto. -- v 4. Texto aEsta bonita y bien impresa edición tuvo por modelo la que publicó Baudry, en 1835. También carece de láminas. Semipiel; lomeras decoradas con adornos dorados Lúdovik Osterc aCon ex-libris de : A. Cánovas del Castillo aQM9914aNovela españolayÉpoca clásica, 1500-170014aLiteratura españolayÉpoca clásica, 1500-170014aNovela españolaySiglo XVII14aDon Quijote (Personaje ficticio)eNovela0 aEl Ingenioso Hidalgo Don Quijote de la Mancha